LEADER 01053nam0-22003011--450- 001 990008430440403321 005 20061213131039.0 035 $a000843044 035 $aFED01000843044 035 $a(Aleph)000843044FED01 035 $a000843044 100 $a20061130d1924----km-y0itay50------ba 101 0 $aita 102 $aIT 105 $ay-------001yy 200 1 $aImposta sui redditi di ricchezza mobile$eelenco dei contribuenti privati possessori di redditi incerti e variabili delle categorie B e C (esclusa la rivalsa)$eprovincia di Napoli$fMinistero delle Finanze, Direzione generale delle imposte dirette 210 $aRoma$cLibreria dello Stato$d1924 215 $aVI, 412$cp.$d24 cm 300 $afascicolo 1. 676 $a336.24$v12 rid.$zita 710 01$aItalia.$bDirezione generale delle imposte dirette$01068 801 0$aIT$bUNINA$gRICA$2UNIMARC 901 $aBK 912 $a990008430440403321 952 $aXIV C 138$b1484$fFGBC 959 $aFGBC 996 $aImposta sui redditi di ricchezza mobile$9726844 997 $aUNINA LEADER 02482nas 2200805- 450 001 996231336103316 005 20231101151524.0 011 $a2191-026X 035 $a(OCoLC)754553530 035 $a(CKB)958480260753 035 $a(CONSER)--2014211510 035 $a(DE-599)ZDB2598392-1 035 $a(EXLCZ)99958480260753 100 $a20110925a19919999 --- a 101 0 $aeng 135 $aurun||||a|a|| 181 $ctxt$2rdacontent 182 $cc$2rdamedia 183 $acr$2rdacarrier 200 00$aJournal of intelligent systems 210 1$aBerlin, Germany :$cDe Gruyter 215 $a1 online resource 300 $aRefereed/Peer-reviewed 311 $a0334-1860 517 3 $aIntelligent systems 531 $aJ INTELL SYST 531 1 $aJ. intell. syst. 606 $aArtificial intelligence$vPeriodicals 606 $aIntellect$vPeriodicals 606 $aSystem theory$vPeriodicals 606 $aIntelligence artificielle$xPériodiques 606 $aIntelligence$xPériodiques 606 $aThéorie des systèmes$xPériodiques 606 $aArtificial intelligence$2fast$3(OCoLC)fst00817247 606 $aIntellect$2fast$3(OCoLC)fst00975732 606 $aSystem theory$2fast$3(OCoLC)fst01141423 606 $aBerechenbarkeit$2gnd 606 $aKognitionswissenschaft$2gnd 606 $aKünstliche Intelligenz$2gnd 606 $aSoft Computing$2swd 606 $aUnterstützungssystem$gInformatik$2gnd 606 $aArtificial Intelligence 606 $aExpert Systems 606 $aSystems Theory 608 $aPeriodical. 608 $aZeitschrift. 608 $aPeriodicals.$2fast 608 $aZeitschrift.$2swd 608 $aPeriodicals.$2lcgft 615 0$aArtificial intelligence 615 0$aIntellect 615 0$aSystem theory 615 6$aIntelligence artificielle$xPériodiques. 615 6$aIntelligence$xPériodiques. 615 6$aThéorie des systèmes$xPériodiques. 615 7$aArtificial intelligence. 615 7$aIntellect. 615 7$aSystem theory. 615 7$aBerechenbarkeit 615 7$aKognitionswissenschaft 615 7$aKünstliche Intelligenz 615 07$aSoft Computing. 615 7$aUnterstützungssystem 615 2$aArtificial Intelligence. 615 2$aExpert Systems. 615 2$aSystems Theory. 906 $aJOURNAL 912 $a996231336103316 996 $aJournal of intelligent systems$92037086 997 $aUNISA LEADER 04246nam 22006735 450 001 9910911288203321 005 20250808090217.0 010 $a9783031678493$b(electronic bk.) 010 $z9783031678486 024 7 $a10.1007/978-3-031-67849-3 035 $a(MiAaPQ)EBC31789183 035 $a(Au-PeEL)EBL31789183 035 $a(CKB)36639694600041 035 $a(OCoLC)1474244008 035 $a(DE-He213)978-3-031-67849-3 035 $a(EXLCZ)9936639694600041 100 $a20241121d2024 u| 0 101 0 $aeng 135 $aurcnu|||||||| 181 $ctxt$2rdacontent 182 $cc$2rdamedia 183 $acr$2rdacarrier 200 10$aManagerial Perceptions $eModels of Organizational Effectiveness /$fedited by Marco Valeri 205 $a1st ed. 2024. 210 1$aCham :$cSpringer Nature Switzerland :$cImprint: Springer,$d2024. 215 $a1 online resource (320 pages) 225 1 $aContributions to Management Science,$x2197-716X 311 08$aPrint version: Valeri, Marco Managerial Perceptions Cham : Springer,c2024 9783031678486 327 $aInteractionist practices as sources of tensions: a dynamic perspective -- Social Media Use and Organization Knowledge Sharing: Marketization of Innovation Ideas -- Leadership through the history of Entrepreneurship: creativity and evolution -- Redefining innovation for sustainable development: exploring the global impact of sustainable innovation- Creation of academic spinoffs: managerial practices, productivity, and innovation -- Employees? emotional connection to their organization. Is it an achievable challenge -- The costs of circular economy models in the food industry from Moldova -- Fostering Growth: Entrepreneurship in Lebanon's Ecosystem -- Main Practices in Determining Business Productivity in Hotel SMEs in Latin America -- Lebanon's Leadership Crossroads: Tradition and Modernity in Managerial Effectiveness -- Enhancing Marketing Knowledge Creation through Social Media Use in Developing Countries Organization: Experience from Tanzania -- Development of the Organizational Culture of the Hotels? Rooms Division due to the Implementation of the COVID-19 Prevention Health Protocols -- The impact of Trait Emotional Intelligence on Transformational Leadership: The case of Managers and Employees of Hotel Companies -- Assessing the factor structure of the Sense of Coherence-29 questionnaire (SOC-29) with the multifactor leadership questionnaire (MLQ) for its application in the South African banking industry. 330 $aThis book explores the evolution of managerial practices supporting the growth of small- and medium-sized businesses and how these practices are associated and employed with trusted leadership to develop better business performance and success. It analyzes the influence of managerial practices on organizational innovation and provides case studies that demonstrate the ways in which societal and cultural settings may influence the perception of leadership processes and effectiveness. This book is of value for researchers, scholars, students, and practitioners interested in organizational effectiveness, entrepreneurship, and innovation. 410 0$aContributions to Management Science,$x2197-716X 606 $aStrategic planning 606 $aLeadership 606 $aTechnological innovations 606 $aEntrepreneurship 606 $aNew business enterprises 606 $aKnowledge management 606 $aBusiness Strategy and Leadership 606 $aInnovation and Technology Management 606 $aEntrepreneurship 606 $aKnowledge Management 615 0$aStrategic planning. 615 0$aLeadership. 615 0$aTechnological innovations. 615 0$aEntrepreneurship. 615 0$aNew business enterprises. 615 0$aKnowledge management. 615 14$aBusiness Strategy and Leadership. 615 24$aInnovation and Technology Management. 615 24$aEntrepreneurship. 615 24$aKnowledge Management. 676 $a658.4 700 $aValeri$b Marco$01073206 801 0$bMiAaPQ 801 1$bMiAaPQ 801 2$bMiAaPQ 912 $a9910911288203321 996 $aManagerial Perceptions$94294494 997 $aUNINA